Normal view
MARC view
- Waite, Mitchell
Entry Personal Name
001 - CONTROL NUMBER
- control field: 110874
003 - CONTROL NUMBER IDENTIFIER
- control field: NUST
005 - DATE AND TIME OF LATEST TRANSACTION
- control field: 20230321130926.0
008 - FIXED-LENGTH DATA ELEMENTS
- fixed length control field: 230321|| aca||aabn | a|a d
040 ## - CATALOGING SOURCE
- Original cataloging agency: NUST
- Transcribing agency: NUST
100 ## - HEADING--PERSONAL NAME
- Personal name: Waite, Mitchell
670 ## - SOURCE DATA FOUND
- Source citation: Work cat.: (NUST)193568: Waite, Mitchell., Word processing primer /, c1982.
